LEADER 01162cam0-22003971i-450- 001 990003824520403321 005 20070726150554.0 010 $a88-339-0747-3 035 $a000382452 035 $aFED01000382452 035 $a(Aleph)000382452FED01 035 $a000382452 100 $a20030910d1993----km-y0itay50------ba 101 1 $aita$ceng 102 $aIT 105 $ay-------001yy 200 1 $a<>questione tecnologica$fDavid F. Noble$gcon un saggio di Ester Fano 210 $aTorino$cBollati Boringhieri$d1993 215 $aLX, 170 p.$d20 cm 225 1 $aTemi$v32 300 $aTrad. di Davide Panzieri 327 1 $aContiene il saggio: Devoti, eretici e critici del progresso / Ester Fano 610 0 $aTecnologia$aAspetti sociali 610 0 $aCambiamento sociale 676 $a306.46$v21$zita 700 1$aNoble,$bDavid F.$f<1945-2010>$023124 702 1$aFano,$bEster 801 0$aIT$bUNINA$gRICA$2UNIMARC 901 $aBK 912 $a990003824520403321 952 $a306.46 NOB 2$b7853$fBFS 952 $aVI 272$fDDCIC 959 $aBFS 959 $aDDCIC 996 $aQuestione tecnologica$9507853 997 $aUNINA LEADER 01564nas 2200493-a 450 001 996217496003316 005 20231021213021.0 011 $a1930-4498 035 $a(DE-599)ZDB2246429-3 035 $a(OCoLC)48551653 035 $a(CKB)960238476080 035 $a(CONSER)--2006213838 035 $a(EXLCZ)99960238476080 100 $a20011207b19782017 --- a 101 0 $aeng 135 $aur||||||||||| 181 $ctxt$2rdacontent 182 $cc$2rdamedia 183 $acr$2rdacarrier 200 00$aBoston College environmental affairs law review 210 $a[Newton Centre, Mass.] $c[Environmental Affairs] 215 $a1 online resource (38 volumes) 300 $aRefereed/Peer-reviewed 311 $a0190-7034 531 $aBOSTON COLL ENVIRON AFF LAW REV 531 $aENVIRONMENTAL AFFAIRS SEE 606 $aEnvironmental law$zUnited States$vPeriodicals 606 $aEnvironmental policy$zUnited States$vPeriodicals 606 $aEnvironmental law$2fast$3(OCoLC)fst00913122 606 $aEnvironmental policy$2fast$3(OCoLC)fst00913250 607 $aUnited States$2fast 608 $aLaw reviews.$2fast 608 $aPeriodicals.$2fast 608 $aLaw reviews.$2lcgft 615 0$aEnvironmental law 615 0$aEnvironmental policy 615 7$aEnvironmental law. 615 7$aEnvironmental policy. 676 $a344.73 712 02$aBoston College.$bLaw School. 906 $aJOURNAL 912 $a996217496003316 996 $aBoston College environmental affairs law review$92177484 997 $aUNISA